Southville International School and Colleges
Your cart is empty.
  • Cart
  • Lists
    Public lists Eva Luna New books Lux_list list_1
    Your lists Log in to create your own lists
  • Log in to your account
  • Your cookies
  • Search history
Southville International School and Colleges
  • Advanced search
  • Recent comments
  • Most popular
  • Libraries

Log in to your account

Log in with GOOGLE


If you do not have an external account, but do have a local account, you can still log in:

  1. Home
  2. MARC view: Life Strategies for dealing with bullies /
Normal view MARC view ISBD view

Life Strategies for dealing with bullies / (Record no. 305428)

[ view plain ]
MARC details
000 -LEADER
fixed length control field 00572nam a2200217Ia 4500
008 - FIXED-LENGTH DATA ELEMENTS--GENERAL INFORMATION
fixed length control field 170203s9999 xx 000 0 und d
020 ## - INTERNATIONAL STANDARD BOOK NUMBER
International Standard Book Number 1416974733
050 ## - LIBRARY OF CONGRESS CALL NUMBER
Classification number 302.3
050 ## - LIBRARY OF CONGRESS CALL NUMBER
Item number .J42j 2008
100 ## - MAIN ENTRY--PERSONAL NAME
Personal name McGraw, Jay.
245 ## - TITLE STATEMENT
Title Life Strategies for dealing with bullies /
245 ## - TITLE STATEMENT
Statement of responsibility, etc Jay McGraw : illustrated by Steve Björkman
260 ## - PUBLICATION, DISTRIBUTION, ETC. (IMPRINT)
Place of publication, distribution, etc New York :
260 ## - PUBLICATION, DISTRIBUTION, ETC. (IMPRINT)
Name of publisher, distributor, etc Aladdin
260 ## - PUBLICATION, DISTRIBUTION, ETC. (IMPRINT)
Date of publication, distribution, etc 2008
300 ## - PHYSICAL DESCRIPTION
Extent 177 pages ;
300 ## - PHYSICAL DESCRIPTION
Other physical details illustrations ;
300 ## - PHYSICAL DESCRIPTION
Dimensions 21 cm.
500 ## - GENERAL NOTE
General note with an introduction by Dr. Phil McGraw.
650 ## - SUBJECT ADDED ENTRY--TOPICAL TERM
Topical term or geographic name as entry element Bullying
Holdings
Withdrawn status Lost status Damaged status Home library Current library Shelving location Date acquired Total Checkouts Full call number Barcode Date last seen Price effective from Koha item type
      Stonyhurst Southville International School (Batangas) Stonyhurst Southville International School (Batangas)   02/03/2017   302.3 .J42j 2008 US-1443 02/03/2017 02/03/2017 Books

Life Strategies for dealing with bullies /

APA

McGraw J., .Life Strategies for dealing with bullies. New York: .

Chicago

McGraw Jay, .Life Strategies for dealing with bullies. New York: .

Harvard

McGraw J., .Life Strategies for dealing with bullies. New York: .

MLA

McGraw Jay, .New York: . .

  • Place hold
  • Print
  • Cite
  • Add to your cart (remove)
  • Save record
    BIBTEX Dublin Core MARCXML MARC (non-Unicode/MARC-8) MARC (Unicode/UTF-8) MARC (Unicode/UTF-8, Standard) MODS (XML) RIS
  • More searches
    Search for this title in:
    Other Libraries (WorldCat) Other Databases (Google Scholar) Online Stores (Bookfinder.com) Open Library (openlibrary.org)

Exporting to Dublin Core...

SOUTHVILLE LIBRARY

Southville International School and Colleges Library

1281 Tropical Ave. Cor. Luxembourg St., BF Homes International, Las Pinas City

Tel. No. 8256374 / 252358 Loc. 117/146

Powered by Koha